[Event "zonal 1C final B"]
[Site "Los Yebenes ESP"]
[Date "1990.05.10"]
[Round "2"]
[White "Izeta Txabarri, Felix"]
[Black "Galego, Luis"]
[Result "1-0"]
[WhiteElo "2380"]
[BlackElo "2350"]
[EventDate "1990.05.01"]
[PlyCount "95"]

1.d4 Nf6 2.Nf3 g6 3.c4 Bg7 4.Nc3 O-O 5.e4 d6 6.Be2 e5 7.Be3 Bg4 8.d5 Nfd7 
9.Nd2 Bxe2 10.Qxe2 f5 11.f3 Bh6 12.Bf2 Qg5 13.Rg1 Na6 14.O-O-O Nac5 15.Kb1
a5 16.exf5 Qxf5+ 17.Nde4 Nxe4 18.Nxe4 Nf6 19.Rge1 Nxe4 20.Qxe4 b6 21.Qd3 
Qxd3+ 22.Rxd3 Rf4 23.Re4 Rxe4 24.fxe4 Rf8 25.Rf3 Rf4 26.Rxf4 exf4 27.Kc2 
Kf7 28.b3 Bg7 29.Kd3 g5 30.h3 Ba1 31.g4 fxg3 32.Bxg3 Kf6 33.c5 Be5 34.cxb6
cxb6 35.Bf2 b5 36.a4 bxa4 37.bxa4 h5 38.Be1 g4 39.hxg4 hxg4 40.Bxa5 Bh2 
41.Bc3+ Kg5 42.Bd2+ Kh4 43.a5 g3 44.a6 Bg1 45.Be1 Kg4 46.Bxg3 Kxg3 47.e5 
dxe5 48.Ke4 1-0

[Event "zonal 1C prel"]
[Site "Los Yebenes ESP"]
[Date "1990.05.03"]
[Round "3"]
[White "Fernandes, Antonio"]
[Black "Izeta Txabarri, Felix"]
[Result "1-0"]
[WhiteElo "2440"]
[BlackElo "2380"]
[EventDate "1990.05.01"]
[PlyCount "91"]

1.e4 e5 2.Nf3 Nc6 3.Bb5 a6 4.Bxc6 dxc6 5.O-O f6 6.d4 exd4 7.Nxd4 c5 8.Nb3 
Qxd1 9.Rxd1 Bg4 10.f3 Be6 11.Be3 b6 12.Bf4 Bd6 13.Bg3 O-O-O 14.Nc3 Bxg3 
15.Rxd8+ Kxd8 16.hxg3 Ne7 17.Nd2 Nc6 18.Nf1 Nd4 19.Ne3 c6 20.Kf2 Kc7 21.
Ne2 g5 22.g4 h5 23.gxh5 Rxh5 24.Ng3 Rh8 25.a3 b5 26.Rd1 a5 27.Ngf5 Bxf5 
28.exf5 b4 29.axb4 axb4 30.Ra1 Rd8 31.Ra7+ Kb8 32.Rf7 Nxc2 33.Nc4 Rd4 34.
Na5 Rd2+ 35.Kg3 Nd4 36.Rxf6 Rxb2 37.Nxc6+ Kc7 38.Nxd4 cxd4 39.Re6 d3 40.f6
d2 41.f7 d1=Q 42.f8=Q Rd2 43.Qc5+ Kd8 44.Qb6+ Kc8 45.Rc6+ Kd7 46.Rc7+ 1-0

[Event "zonal 1C prel"]
[Site "Los Yebenes ESP"]
[Date "1990.05.04"]
[Round "4"]
[White "Galego, Luis"]
[Black "Fernandes, Antonio"]
[Result "0-1"]
[WhiteElo "2350"]
[BlackElo "2440"]
[EventDate "1990.05.01"]
[PlyCount "150"]

1.e4 e5 2.Nc3 Nf6 3.Nf3 Nc6 4.Bb5 Bb4 5.O-O O-O 6.d3 Bxc3 7.bxc3 Qe7 8.Re1
Nd8 9.d4 d6 10.Bd3 b6 11.a4 Nb7 12.Nd2 Re8 13.Nc4 c5 14.d5 Bg4 15.Qd2 Bd7 
16.Bb2 g6 17.g3 Nh5 18.Qh6 f6 19.Ne3 Qf8 20.Qxf8+ Rxf8 21.Ba6 Na5 22.Nc4 
Nxc4 23.Bxc4 f5 24.f3 fxe4 25.fxe4 Kg7 26.Bd3 Nf6 27.c4 Bh3 28.a5 Rfb8 29.
Bc3 Nd7 30.Bd2 h6 31.Reb1 g5 32.Rb2 Kf7 33.Rba2 bxa5 34.Rxa5 Rb7 35.Be2 
Ke7 36.Kf2 Nf6 37.Ke3 Nd7 38.g4 Nf6 39.Rg1 h5 40.gxh5 g4 41.Kd3 Kf7 42.h6 
Kg6 43.Raa1 a5 44.Bf1 Bxf1+ 45.Raxf1 a4 46.Rf5 a3 47.Rgf1 Ng8 48.Rg5+ Kh7 
49.Rxg4 a2 50.Rgg1 Ra3+ 51.Bc3 Nxh6 52.Kd2 Ng8 53.Kd3 Rg7 54.Rh1 Ne7 55.
Rf3 Nc8 56.Rf8 Nb6 57.Rb8 Ra6 58.Ra1 Rf7 59.Ba5 Rxa5 60.Rxb6 Ra3+ 61.Rb3 
Rf3+ 62.Kd2 Raxb3 63.cxb3 Rh3 64.Kc2 Rxh2+ 65.Kc3 Kh6 66.b4 Rh3+ 67.Kb2 
cxb4 68.Rxa2 Rc3 69.Ra6 Rxc4 70.Rxd6+ Kg5 71.Rb6 Rxe4 72.Kc2 Rd4 73.Rd6 
Kf5 74.Rd8 e4 75.Kb2 Ke5 0-1

[Event "zonal 1C prel"]
[Site "Los Yebenes ESP"]
[Date "1990.05.04"]
[Round "4"]
[White "Izeta Txabarri, Felix"]
[Black "Illescas Cordoba, Miguel"]
[Result "0-1"]
[WhiteElo "2380"]
[BlackElo "2530"]
[EventDate "1990.05.01"]
[PlyCount "122"]

1.d4 d5 2.Nf3 e6 3.Nbd2 Nf6 4.e3 c5 5.c3 Bd6 6.Bd3 Nbd7 7.O-O O-O 8.e4 
cxd4 9.cxd4 dxe4 10.Nxe4 Nxe4 11.Bxe4 Nf6 12.Bg5 Be7 13.Bc2 b6 14.Qd3 g6 
15.Bh6 Re8 16.Ne5 Bb7 17.Rfe1 Qd6 18.a3 Rac8 19.Bb3 Bd5 20.Ba4 Red8 21.h4 
a6 22.Bf4 Bc4 23.Qf3 Qd5 24.Nc6 Qxf3 25.Nxe7+ Kf8 26.Nxg6+ hxg6 27.gxf3 
Bd5 28.Rec1 Rxc1+ 29.Rxc1 Bxf3 30.Bc6 Bxc6 31.Rxc6 Nd5 32.Bg5 f6 33.Bd2 
Ke7 34.Kg2 Kd7 35.Rc4 Rh8 36.Kg3 b5 37.Rc1 Ne7 38.Ba5 Nf5+ 39.Kf3 Nxd4+ 
40.Kg4 Nc6 41.Bc3 e5 42.f4 Rh5 43.fxe5 Nxe5+ 44.Kg3 Rf5 45.Rd1+ Ke6 46.Rd8
Rf3+ 47.Kg2 Rd3 48.Rh8 Nc4 49.Rf8 Ne3+ 50.Kf2 Nd5 51.Be1 Rb3 52.Ra8 Rxb2+ 
53.Kg1 Kf5 54.Rxa6 Ke4 55.Re6+ Kf3 56.Rd6 Rb1 57.Rxd5 Rxe1+ 58.Kh2 Kg4 59.
h5 g5 60.h6 Re3 61.Rd4+ Kh5 0-1

[Event "zonal 1C prel"]
[Site "Los Yebenes ESP"]
[Date "1990.05.05"]
[Round "5"]
[White "Illescas Cordoba, Miguel"]
[Black "Galego, Luis"]
[Result "1-0"]
[WhiteElo "2530"]
[BlackElo "2350"]
[EventDate "1990.05.01"]
[PlyCount "127"]

1.Nf3 Nf6 2.c4 e6 3.Nc3 c5 4.g3 b6 5.Bg2 Bb7 6.O-O Be7 7.d4 cxd4 8.Qxd4 d6
9.Bg5 a6 10.Bxf6 Bxf6 11.Qf4 Be7 12.Ne4 O-O 13.Rfd1 Bxe4 14.Qxe4 Ra7 15.
Qe3 Rc7 16.Rac1 Qc8 17.Nd4 Rxc4 18.Nc6 Nxc6 19.Rxc4 d5 20.Rcc1 Bc5 21.Qf4 
Rd8 22.a3 a5 23.Qa4 Qd7 24.e3 Qd6 25.Rb1 Qd7 26.b4 axb4 27.axb4 Bf8 28.
Rdc1 Ne5 29.Qxd7 Rxd7 30.Rc8 Ra7 31.Rb8 Nd7 32.Rd8 g6 33.Bf1 Kg7 34.Bb5 
Ne5 35.Rb2 Nc4 36.Bxc4 dxc4 37.Rb8 c3 38.Rb1 Bxb4 39.Rxb6 Ba3 40.Rc6 Bb2 
41.Rd1 Kf6 42.Kg2 h5 43.f4 Ba1 44.Kf3 Bb2 45.Rc5 Ba1 46.h3 Bb2 47.Rd3 Ba1 
48.Rd6 Ke7 49.Rdc6 Bb2 50.e4 Kf6 51.e5+ Kg7 52.h4 Ra3 53.Kg2 Ra7 54.Kh3 
Ra8 55.Rc7 Rd8 56.Rb7 Kg8 57.Rcc7 Rf8 58.Kg2 Kg7 59.Kf3 Kg8 60.Ke4 Kg7 61.
Kd3 Rd8+ 62.Kc2 Rf8 63.Ra7 Kg8 64.Re7 1-0